[Event "AUTO-MASTER-2063"]
[Site "http://www.queenalice.com/game.php?id=1270599"]
[Date "2014.4.5"]
[Round "1"]
[White "TorresR"]
[Black "Near"]
[Result "1-0"]
[WhiteElo "1910"]
[BlackElo "1905"]

1. e4 c6 2. Nc3 d5 3. Nf3 dxe4 4. Nxe4 Nf6 5. Nxf6+ exf6 6. d4 Bd6 7. Bd3 O-O 8.
Be3 Bg4 9. h3 Bh5 10. g4 Bg6 11. h4 Qa5+ 12. c3 Bxd3 13. Qxd3 1-0

[Event "AUTO-MASTER-2063"]
[Site "http://www.queenalice.com/game.php?id=1270600"]
[Date "2014.4.5"]
[Round "1"]
[White "Near"]
[Black "TorresR"]
[Result "0-1"]
[WhiteElo "1922"]
[BlackElo "1893"]

1. c4 e5 2. Nc3 f5 3. e4 Nf6 4. g3 c6 5. Bg2 fxe4 6. Nxe4 Nxe4 7. Qh5+ g6 8.
Qxe5+ Qe7 9. Qxh8 Nxg3+ 10. Kd1 Nxh1 11. Bxh1 d5 12. Qd4 Bg7 13. Qe3 dxc4 0-1

[Event "AUTO-MASTER-2063"]
[Site "http://www.queenalice.com/game.php?id=1270613"]
[Date "2014.4.5"]
[Round "1"]
[White "FabioSelinger"]
[Black "Near"]
[Result "1-0"]
[WhiteElo "2115"]
[BlackElo "2130"]

1. e4 c6 2. d4 d5 3. exd5 cxd5 4. c4 Nf6 5. Nc3 Nc6 6. Nf3 Bg4 7. Be2 e6 8. O-O
dxc4 9. Be3 Rc8 10. Re1 a6 11. a4 Nd5 12. Bxc4 Nxe3 13. fxe3 Nxd4 14. exd4 Rxc4
15. d5 Bc5+ 16. Kh1 O-O 17. h3 Rd4 18. Qe2 exd5 19. hxg4 Rxg4 20. g3 Rxg3 21.
Kh2 Bd6 22. Kh1 Qd7 23. Nxd5 Rh3+ 24. Kg2 1-0

[Event "AUTO-MASTER-2063"]
[Site "http://www.queenalice.com/game.php?id=1270614"]
[Date "2014.4.5"]
[Round "1"]
[White "Near"]
[Black "FabioSelinger"]
[Result "0-1"]
[WhiteElo "2118"]
[BlackElo "2127"]

1. c4 Nf6 2. Nc3 e6 3. e4 d5 4. e5 Nfd7 5. cxd5 Nxe5 6. d4 Ng6 7. Bb5+ Bd7 8.
dxe6 fxe6 9. Qe2 c6 10. Bc4 Qf6 11. Nf3 Bb4 12. Bg5 Qf7 13. O-O O-O 14. a3 Bd6
15. Ne4 Bf4 16. Nc5 Kh8 17. Nxd7 Nxd7 18. Bxe6 Qe8 19. Rfe1 Bxg5 20. Nxg5 h6 21.
Qh5 Nf6 22. Nf7+ Rxf7 23. Qxg6 Re7 0-1

[Event "AUTO-ELITE-1314"]
[Site "http://www.queenalice.com/game.php?id=1270719"]
[Date "2014.4.6"]
[Round "1"]
[White "artegasparphb"]
[Black "Near"]
[Result "1-0"]
[WhiteElo "2176"]
[BlackElo "1982"]

1. e4 c6 2. Nf3 d5 3. exd5 cxd5 4. Bb5+ Nc6 5. O-O Nf6 6. Ne5 Bd7 7. Nxd7 Nxd7
8. d4 a6 9. Be2 g6 10. Bf3 Nb6 11. c3 Bg7 12. Nd2 O-O 13. Nb3 e5 14. dxe5 Nxe5
15. Bf4 1-0

[Event "AUTO-ELITE-1314"]
[Site "http://www.queenalice.com/game.php?id=1270720"]
[Date "2014.4.6"]
[Round "1"]
[White "Near"]
[Black "artegasparphb"]
[Result "0-1"]
[WhiteElo "1974"]
[BlackElo "2182"]

1. d4 d5 2. c4 Nf6 3. cxd5 Nxd5 4. Nc3 c6 5. e4 Nf6 6. Bc4 e6 7. Nge2 Be7 8. O-O
O-O 9. Kh1 b5 10. Bb3 b4 11. e5 bxc3 12. exf6 cxb2 13. fxe7 bxa1=Q 0-1

[Event "AUTO-MASTER-2064"]
[Site "http://www.queenalice.com/game.php?id=1270903"]
[Date "2014.4.6"]
[Round "1"]
[White "Near"]
[Black "colognestar"]
[Result "0-1"]
[WhiteElo "1929"]
[BlackElo "2164"]

1. e4 e5 2. Nf3 Nc6 3. Bb5 d6 4. d4 Bd7 5. dxe5 dxe5 6. O-O Bd6 7. h3 Nf6 8. Nc3
a6 9. Ba4 b5 10. Bb3 b4 11. Nd5 Nxe4 12. Qe2 Nc5 13. Bc4 O-O 14. Be3 Ne6 15.
Rad1 a5 16. Nb6 cxb6 17. Rxd6 Qc7 0-1

[Event "AUTO-MASTER-2064"]
[Site "http://www.queenalice.com/game.php?id=1270904"]
[Date "2014.4.6"]
[Round "1"]
[White "colognestar"]
[Black "Near"]
[Result "1-0"]
[WhiteElo "2159"]
[BlackElo "1936"]

1. e4 c6 2. d4 d5 3. exd5 cxd5 4. c4 Nf6 5. Nc3 Nc6 6. Nf3 Bg4 7. cxd5 Nxd5 8.
Bc4 e6 9. Bxd5 exd5 10. O-O Be7 11. Be3 O-O 12. h3 Bh5 13. g4 Bg6 14. Ne5 Bf6
15. Nxg6 hxg6 16. Qa4 Re8 17. Rfd1 a6 18. Qb3 1-0

[Event "AUTO-MASTER-2064"]
[Site "http://www.queenalice.com/game.php?id=1270907"]
[Date "2014.4.6"]
[Round "1"]
[White "Near"]
[Black "TheBigSid"]
[Result "0-1"]
[WhiteElo "2184"]
[BlackElo "2174"]

1. c4 Nf6 2. Nc3 e6 3. e4 d6 4. d4 Nbd7 5. f3 e5 6. d5 Be7 7. Be3 O-O 8. Bd3 a5
9. Nge2 b6 10. a3 Nc5 11. Bc2 Ne8 12. b4 Nd7 13. O-O g6 14. f4 exf4 15. Bxf4 Bf6
16. Qd2 Ne5 17. Bd3 Bd7 18. Nd4 Nxd3 19. Qxd3 Bg7 20. Rae1 Nf6 21. e5 dxe5 22.
Bxe5 axb4 23. axb4 Ra3 24. Rxf6 Bxf6 25. Bxf6 Qxf6 26. Ne4 Rxd3 27. Nxf6+ Kg7
28. Nxd7 Rd8 0-1

[Event "AUTO-MASTER-2064"]
[Site "http://www.queenalice.com/game.php?id=1270908"]
[Date "2014.4.6"]
[Round "1"]
[White "TheBigSid"]
[Black "Near"]
[Result "0-1"]
[WhiteElo "2165"]
[BlackElo "2191"]

1. d4 Nf6 2. c4 e6 3. Nc3 Bb4 4. Qc2 c5 5. e3 O-O 6. Nf3 cxd4 7. exd4 d5 8. c5
Nc6 9. Bd3 Re8 10. Bf4 b6 11. a3 Bxc3+ 12. Qxc3 bxc5 13. O-O Nxd4 14. Nxd4 cxd4
15. Qxd4 Qb6 16. Qe5 Ba6 17. Bxa6 Qxa6 18. h4 Ne4 19. h5 f6 20. Qc7 Rac8 21. Qd7
Nc5 22. Qd6 Rc6 0-1

[Event "Near"]
[Site "http://www.queenalice.com/game.php?id=1272893"]
[Date "2014.4.13"]
[Round "1"]
[White "BEBADO"]
[Black "Near"]
[Result "1-0"]
[WhiteElo "2246"]
[BlackElo "1966"]

1. e4 c6 2. d4 d5 3. e5 c5 4. dxc5 e6 5. Be3 Qc7 6. Nf3 Bxc5 7. Bxc5 Qxc5 8. c3
Ne7 9. Nbd2 Ng6 10. Nb3 Qc7 11. Qd4 Bd7 12. Qc5 1-0